[Event "DVM U12w 2024"]
[Site "Bad Homburg GER"]
[Date "2024.12.29"]
[Round "5"]
[White "Ruddat, Maila"]
[Black "Ramien, Eva"]
[Result "1-0"]
[Termination "normal"]
[Board "2.2"]
[WhiteElo "1486"]
[BlackElo "1542"]
[WhiteClock "00:43:03"]
[BlackClock "01:06:11"]
[WhiteTeam "TSG Oberschöneweide"]
[BlackTeam "SG Porz"]
[PlyCount "61"]
[WhiteFideId "34628100"]
[BlackFideId "16275390"]
[EventCountry "GER"]
[EventRounds "7"]
[EventType "team-swiss"]
[EventDate "2024.12.26"]

1. e4 {[%clk 01:30:27]} {[%emt 00:00:32]} e5 {[%clk 01:30:56]} {[%emt
00:00:05]} 2. Nf3 {[%clk 01:29:56]} {[%emt 00:01:00]} Nc6 {[%clk 01:31:22]}
{[%emt 00:00:05]} 3. Bc4 {[%clk 01:29:06]} {[%emt 00:01:19]} Bc5 {[%clk
01:31:47]} {[%emt 00:00:05]} 4. c3 {[%clk 01:29:04]} {[%emt 00:00:31]} Nf6
{[%clk 01:32:12]} {[%emt 00:00:07]} 5. d3 {[%clk 01:28:52]} {[%emt 00:00:42]}
h6 {[%clk 01:32:37]} {[%emt 00:00:06]} 6. Nbd2 {[%clk 01:28:06]} {[%emt
00:01:15]} d6 {[%clk 01:32:56]} {[%emt 00:00:12]} 7. Bb3 {[%clk 01:27:46]}
{[%emt 00:00:49]} Ne7 {[%clk 01:33:11]} {[%emt 00:00:15]} 8. h3 {[%clk
01:27:32]} {[%emt 00:00:42]} Ng6 {[%clk 01:33:26]} {[%emt 00:00:18]} 9. Nf1
{[%clk 01:27:04]} {[%emt 00:00:57]} Bb6 {[%emt 00:00:15]} 10. Ng3 {[%clk
01:26:59]} {[%emt 00:00:29]} c6 {[%clk 01:33:15]} {[%emt 00:01:04]} 11. O-O
{[%clk 01:19:44]} {[%emt 00:07:45]} O-O {[%clk 01:33:39]} {[%emt 00:00:06]} 12.
Re1 {[%clk 01:17:31]} {[%emt 00:02:39]} Re8 {[%clk 01:34:06]} {[%emt 00:00:06]}
13. Bc2 {[%clk 01:06:52]} {[%emt 00:11:08]} Be6 {[%clk 01:34:24]} {[%emt
00:00:13]} 14. b3 {[%clk 01:05:05]} {[%emt 00:02:17]} Bc8 {[%clk 01:31:47]}
{[%emt 00:03:07]} 15. Bb2 {[%clk 01:03:44]} {[%emt 00:01:48]} Bc7 {[%clk
01:27:24]} {[%emt 00:04:56]} 16. d4 {[%clk 01:03:46]} {[%emt 00:00:28]} exd4
{[%clk 01:27:31]} {[%emt 00:00:23]} 17. cxd4 {[%clk 01:03:53]} {[%emt
00:00:22]} b6 {[%clk 01:26:54]} {[%emt 00:01:08]} 18. Qd2 {[%clk 01:02:11]}
{[%emt 00:02:08]} Bb7 {[%clk 01:27:01]} {[%emt 00:00:27]} 19. Rad1 {[%clk
01:01:55]} {[%emt 00:00:43]} Rb8 {[%clk 01:25:43]} {[%emt 00:01:51]} 20. Kh1
{[%clk 00:57:38]} {[%emt 00:04:45]} Kh8 {[%clk 01:25:04]} {[%emt 00:01:10]} 21.
b4 {[%clk 00:51:55]} {[%emt 00:06:09]} a6 {[%clk 01:25:09]} {[%emt 00:00:29]}
22. a3 {[%clk 00:52:02]} {[%emt 00:00:22]} Ra8 {[%clk 01:25:24]} {[%emt
00:00:16]} 23. Bb3 {[%clk 00:51:57]} {[%emt 00:00:35]} Kg8 {[%clk 01:25:41]}
{[%emt 00:00:13]} 24. Bc2 {[%clk 00:51:37]} {[%emt 00:00:49]} Kh8 {[%clk
01:24:16]} {[%emt 00:01:56]} 25. Nf5 {[%clk 00:50:20]} {[%emt 00:01:40]} Kh7
{[%clk 01:21:06]} {[%emt 00:03:46]} 26. Bb3 {[%clk 00:50:06]} {[%emt 00:00:41]}
Rf8 {[%clk 01:16:31]} {[%emt 00:05:07]} 27. Qe3 {[%clk 00:43:22]} {[%emt
00:07:12]} Qc8 {[%clk 01:06:49]} {[%emt 00:10:16]} 28. d5 {[%clk 00:42:33]}
{[%emt 00:01:16]} cxd5 {[%clk 01:05:54]} {[%emt 00:01:27]} 29. Bxf6 {[%clk
00:42:48]} {[%emt 00:00:14]} gxf6 {[%clk 01:06:13]} {[%emt 00:00:11]} 30. Qxh6+
{[%clk 00:43:11]} {[%emt 00:00:07]} Kg8 {[%clk 01:06:11]} {[%emt 00:00:33]} 31.
Qg7# {[%clk 00:43:03]} {[%emt 00:00:08]} 1-0

[Event "DVM U12w 2024"]
[Site "Bad Homburg GER"]
[Date "2024.12.29"]
[Round "5"]
[White "Slowik, Anna"]
[Black "Ulianova, Anna"]
[Result "1-0"]
[Termination "normal"]
[Board "2.3"]
[WhiteElo "1103"]
[BlackElo "1267"]
[WhiteClock "01:11:04"]
[BlackClock "00:35:56"]
[WhiteTeam "SG Porz"]
[BlackTeam "TSG Oberschöneweide"]
[PlyCount "43"]
[WhiteFideId "34630341"]
[BlackFideId "34682660"]
[EventCountry "GER"]
[EventRounds "7"]
[EventType "team-swiss"]
[EventDate "2024.12.26"]

1. e4 {[%clk 01:30:57]} {[%emt 00:00:03]} e5 {[%clk 01:30:57]} {[%emt
00:00:03]} 2. Nf3 {[%clk 01:31:21]} {[%emt 00:00:06]} Nc6 {[%clk 01:31:22]}
{[%emt 00:00:05]} 3. Bc4 {[%clk 01:31:44]} {[%emt 00:00:07]} Bc5 {[%clk
01:31:39]} {[%emt 00:00:13]} 4. O-O {[%clk 01:32:05]} {[%emt 00:00:09]} Nf6
{[%clk 01:31:47]} {[%emt 00:00:22]} 5. d4 {[%clk 01:32:24]} {[%emt 00:00:10]}
exd4 {[%clk 01:31:59]} {[%emt 00:00:19]} 6. e5 {[%clk 01:32:46]} {[%emt
00:00:08]} Ne4 {[%clk 01:32:24]} {[%emt 00:00:05]} 7. Qe2 {[%clk 01:32:29]}
{[%emt 00:00:45]} d5 {[%clk 01:25:27]} {[%emt 00:07:29]} 8. exd6 {[%clk
01:32:40]} {[%emt 00:00:18]} Bf5 {[%emt 00:02:34]} 9. dxc7 {[%clk 01:30:22]}
{[%emt 00:02:45]} Qxc7 {[%clk 01:23:03]} {[%emt 00:00:54]} 10. Nbd2 {[%clk
01:29:44]} {[%emt 00:01:06]} O-O {[%clk 01:19:57]} {[%emt 00:03:38]} 11. Nxe4
{[%clk 01:28:47]} {[%emt 00:01:27]} Rae8 {[%clk 01:18:47]} {[%emt 00:01:40]}
12. Bd3 {[%clk 01:24:34]} {[%emt 00:04:42]} Bxe4 {[%clk 01:17:36]} {[%emt
00:01:42]} 13. Bxe4 {[%clk 01:24:04]} {[%emt 00:01:00]} Qe7 {[%clk 01:15:08]}
{[%emt 00:02:59]} 14. Re1 {[%clk 01:23:10]} {[%emt 00:01:23]} Bb4 {[%clk
00:49:07]} {[%emt 00:26:32]} 15. Bd2 {[%clk 01:20:18]} {[%emt 00:03:22]} Qd7
{[%clk 00:44:28]} {[%emt 00:05:09]} 16. Qd3 {[%clk 01:16:43]} {[%emt 00:04:05]}
Bxd2 {[%clk 00:44:06]} {[%emt 00:00:52]} 17. Qxd2 {[%clk 01:15:51]} {[%emt
00:01:22]} f5 {[%clk 00:43:40]} {[%emt 00:00:56]} 18. Bd3 {[%clk 01:14:19]}
{[%emt 00:02:02]} Qd5 {[%clk 00:41:10]} {[%emt 00:03:00]} 19. b3 {[%clk
01:11:48]} {[%emt 00:02:59]} Rxe1+ {[%clk 00:38:02]} {[%emt 00:03:40]} 20. Rxe1
{[%clk 01:11:07]} {[%emt 00:01:11]} Rf6 {[%clk 00:36:01]} {[%emt 00:02:31]} 21.
Bc4 {[%clk 01:10:43]} {[%emt 00:00:53]} Qxc4 {[%clk 00:35:56]} {[%emt
00:00:36]} 22. bxc4 {[%clk 01:11:04]} {[%emt 00:00:09]} 1-0

[Event "DVM U12w 2024"]
[Site "Bad Homburg GER"]
[Date "2024.12.29"]
[Round "5"]
[White "Rabus, Luise"]
[Black "Brandt, Hilda"]
[Result "0-1"]
[Termination "normal"]
[Board "2.4"]
[WhiteElo "983"]
[BlackElo "1556"]
[WhiteClock "01:12:04"]
[BlackClock "01:17:49"]
[WhiteTeam "TSG Oberschöneweide"]
[BlackTeam "SG Porz"]
[PlyCount "46"]
[WhiteFideId "34636900"]
[BlackFideId "34636447"]
[EventCountry "GER"]
[EventRounds "7"]
[EventType "team-swiss"]
[EventDate "2024.12.26"]

1. e4 {[%clk 01:30:57]} {[%emt 00:00:02]} e5 {[%clk 01:30:44]} {[%emt
00:00:17]} 2. Nc3 {[%clk 01:31:04]} {[%emt 00:00:23]} Nf6 {[%clk 01:31:00]}
{[%emt 00:00:13]} 3. f4 {[%clk 01:31:12]} {[%emt 00:00:24]} d5 {[%clk
01:31:20]} {[%emt 00:00:08]} 4. Nf3 {[%clk 01:31:23]} {[%emt 00:00:20]} Be7
{[%clk 01:30:24]} {[%emt 00:01:25]} 5. Be2 {[%clk 01:29:41]} {[%emt 00:02:13]}
Bd7 {[%clk 01:28:14]} {[%emt 00:02:22]} 6. d3 {[%clk 01:29:18]} {[%emt
00:01:10]} d4 {[%clk 01:27:20]} {[%emt 00:01:25]} 7. Nd5 {[%clk 01:28:57]}
{[%emt 00:00:51]} Nxd5 {[%clk 01:27:11]} {[%emt 00:00:39]} 8. exd5 {[%clk
01:28:29]} {[%emt 00:00:58]} Bb4+ {[%clk 01:26:58]} {[%emt 00:00:41]} 9. Bd2
{[%clk 01:28:31]} {[%emt 00:00:29]} Bxd2+ {[%clk 01:26:25]} {[%emt 00:01:04]}
10. Qxd2 {[%clk 01:28:45]} {[%emt 00:00:15]} Bf5 {[%clk 01:24:51]} {[%emt
00:02:03]} 11. Qa5 {[%clk 01:27:46]} {[%emt 00:01:30]} b6 {[%clk 01:22:17]}
{[%emt 00:03:05]} 12. Qb5+ {[%clk 01:26:59]} {[%emt 00:01:16]} Nd7 {[%clk
01:21:12]} {[%emt 00:01:29]} 13. Nxe5 {[%clk 01:26:58]} {[%emt 00:00:37]} O-O
{[%clk 01:19:51]} {[%emt 00:01:52]} 14. g4 {[%clk 01:27:14]} {[%emt 00:00:14]}
Qh4+ {[%clk 01:19:22]} {[%emt 00:00:52]} 15. Kd2 {[%clk 01:27:22]} {[%emt
00:00:28]} Nxe5 {[%clk 01:19:35]} {[%emt 00:00:18]} 16. gxf5 {[%clk 01:26:01]}
{[%emt 00:01:50]} Qxf4+ {[%clk 01:19:51]} {[%emt 00:00:11]} 17. Kd1 {[%clk
01:25:23]} {[%emt 00:04:31]} Rfe8 {[%clk 01:20:19]} {[%emt 00:01:57]} 18. Re1
{[%clk 01:24:16]} {[%emt 00:01:37]} Re7 {[%clk 01:18:33]} {[%emt 00:02:16]} 19.
Qb4 {[%clk 01:23:52]} {[%emt 00:00:55]} Rae8 {[%clk 01:18:10]} {[%emt
00:00:52]} 20. c3 {[%clk 01:24:05]} {[%emt 00:00:18]} Nf3 {[%clk 01:17:58]}
{[%emt 00:00:41]} 21. Qc4 {[%clk 01:13:37]} {[%emt 00:10:59]} Nxe1 {[%clk
01:17:40]} {[%emt 00:00:47]} 22. Qc6 {[%clk 01:12:44]} {[%emt 00:01:24]} Rxe2
{[%clk 01:17:27]} {[%emt 00:00:43]} 23. a3 {[%clk 01:12:04]} {[%emt 00:01:11]}
Qd2# {[%clk 01:17:49]} {[%emt 00:00:07]} 0-1

[Event "DVM U12w 2024"]
[Site "Bad Homburg GER"]
[Date "2024.12.29"]
[Round "5"]
[White "Xu, Dorothea Sicheng"]
[Black "Reuber, Ella"]
[Result "1-0"]
[Termination "normal"]
[Board "3.2"]
[WhiteElo "1585"]
[BlackElo "1188"]
[WhiteClock "00:21:53"]
[BlackClock "00:52:17"]
[WhiteTeam "SK Bad Homburg 1927"]
[BlackTeam "SF Birkenfeld"]
[PlyCount "61"]
[WhiteFideId "34667539"]
[BlackFideId "34662952"]
[EventCountry "GER"]
[EventRounds "7"]
[EventType "team-swiss"]
[EventDate "2024.12.26"]

1. e4 {[%clk 01:30:59]} c5 {[%clk 01:30:55]} {[%emt 00:00:06]} 2. Nf3 {[%emt
00:00:05]} d6 {[%clk 01:31:17]} {[%emt 00:00:06]} 3. Bb5+ {[%clk 01:31:51]}
{[%emt 00:00:05]} Bd7 {[%clk 01:31:39]} {[%emt 00:00:08]} 4. Bxd7+ {[%clk
01:32:16]} {[%emt 00:00:05]} Nxd7 {[%clk 01:32:02]} {[%emt 00:00:07]} 5. d4
{[%clk 01:32:38]} {[%emt 00:00:08]} cxd4 {[%clk 01:31:55]} {[%emt 00:00:38]} 6.
Nxd4 {[%clk 01:32:59]} {[%emt 00:00:09]} Ngf6 {[%clk 01:32:15]} {[%emt
00:00:10]} 7. Nc3 {[%clk 01:33:22]} {[%emt 00:00:06]} g6 {[%clk 01:32:32]}
{[%emt 00:00:13]} 8. O-O {[%clk 01:33:23]} {[%emt 00:00:30]} Bg7 {[%clk
01:32:46]} {[%emt 00:00:15]} 9. Re1 {[%clk 01:32:32]} {[%emt 00:01:21]} O-O
{[%emt 00:04:23]} 10. h3 {[%clk 01:29:11]} Rc8 {[%clk 01:31:27]} {[%emt
00:01:47]} 11. Bg5 {[%clk 01:18:44]} {[%emt 00:10:57]} a6 {[%clk 01:27:41]}
{[%emt 00:04:16]} 12. Qd2 {[%clk 01:16:04]} {[%emt 00:03:09]} Ne5 {[%clk
01:24:59]} {[%emt 00:03:13]} 13. Rad1 {[%clk 01:06:43]} {[%emt 00:09:51]} Re8
{[%clk 01:20:06]} {[%emt 00:05:23]} 14. Nd5 {[%clk 00:58:31]} {[%emt 00:08:40]}
Nxd5 {[%clk 01:16:50]} {[%emt 00:03:46]} 15. exd5 {[%clk 00:58:36]} {[%emt
00:00:26]} Qc7 {[%clk 01:11:30]} {[%emt 00:05:51]} 16. b3 {[%clk 00:51:08]}
{[%emt 00:07:57]} Qc5 {[%clk 01:10:14]} {[%emt 00:01:47]} 17. c4 {[%clk
00:49:34]} {[%emt 00:02:04]} Qc7 {[%clk 01:05:25]} {[%emt 00:05:19]} 18. Bh6
{[%clk 00:45:27]} {[%emt 00:04:37]} Qd7 {[%clk 01:00:17]} {[%emt 00:05:38]} 19.
Bxg7 {[%clk 00:43:56]} {[%emt 00:02:01]} Kxg7 {[%clk 01:00:36]} {[%emt
00:00:12]} 20. Qb2 {[%clk 00:39:33]} {[%emt 00:04:53]} f6 {[%clk 00:57:17]}
{[%emt 00:03:49]} 21. Ne6+ {[%clk 00:37:23]} {[%emt 00:02:39]} Kg8 {[%clk
00:57:01]} {[%emt 00:00:45]} 22. Qd2 {[%clk 00:35:42]} {[%emt 00:02:13]} Nf7
{[%clk 00:56:17]} {[%emt 00:01:14]} 23. h4 {[%clk 00:28:59]} {[%emt 00:07:13]}
Nd8 {[%clk 00:55:04]} {[%emt 00:02:21]} 24. Qh6 {[%clk 00:26:53]} {[%emt
00:01:58]} Nxe6 {[%clk 00:55:27]} {[%emt 00:00:08]} 25. dxe6 {[%clk 00:27:07]}
{[%emt 00:00:16]} Qc6 {[%clk 00:54:53]} {[%emt 00:01:00]} 26. Re3 {[%clk
00:25:38]} {[%emt 00:02:02]} Qc5 {[%clk 00:54:50]} {[%emt 00:00:34]} 27. Rd5
{[%clk 00:23:55]} {[%emt 00:02:13]} Qa3 {[%clk 00:54:50]} {[%emt 00:00:28]} 28.
Rg3 {[%clk 00:23:09]} {[%emt 00:01:17]} Rc5 {[%clk 00:54:42]} {[%emt 00:00:38]}
29. h5 {[%clk 00:22:23]} {[%emt 00:01:16]} Qxa2 {[%clk 00:52:05]} {[%emt
00:03:08]} 30. hxg6 {[%clk 00:21:49]} {[%emt 00:01:03]} Qb1+ {[%clk 00:52:17]}
{[%emt 00:00:19]} 31. Kh2 {[%clk 00:21:53]} {[%emt 00:01:36]} 1-0

[Event "DVM U12w 2024"]
[Site "Bad Homburg GER"]
[Date "2024.12.29"]
[Round "5"]
[White "Kotliarova, Emily"]
[Black "Henn, Lena"]
[Result "1/2-1/2"]
[Termination "normal"]
[Board "3.4"]
[WhiteElo "1139"]
[BlackElo "808"]
[WhiteClock "00:33:14"]
[BlackClock "00:59:36"]
[WhiteTeam "SK Bad Homburg 1927"]
[BlackTeam "SF Birkenfeld"]
[PlyCount "40"]
[WhiteFideId "34694390"]
[EventCountry "GER"]
[EventRounds "7"]
[EventType "team-swiss"]
[EventDate "2024.12.26"]

1. e4 {[%clk 01:30:59]} d6 {[%clk 01:30:56]} {[%emt 00:00:05]} 2. d4 {[%clk
01:31:25]} {[%emt 00:00:05]} Nf6 {[%clk 01:31:21]} {[%emt 00:00:05]} 3. Nc3
{[%clk 01:31:49]} {[%emt 00:00:06]} g6 {[%clk 01:31:45]} {[%emt 00:00:05]} 4.
f4 {[%clk 01:32:08]} {[%emt 00:00:11]} c6 {[%clk 01:31:43]} {[%emt 00:00:33]}
5. e5 {[%clk 01:31:59]} {[%emt 00:00:39]} dxe5 {[%clk 01:31:55]} {[%emt
00:00:17]} 6. fxe5 {[%clk 01:32:07]} {[%emt 00:00:22]} Nfd7 {[%clk 01:31:12]}
{[%emt 00:01:13]} 7. Nf3 {[%clk 01:31:17]} {[%emt 00:01:19]} Bg7 {[%clk
01:30:16]} {[%emt 00:01:27]} 8. Bc4 {[%clk 01:30:54]} {[%emt 00:00:53]} O-O
{[%clk 01:29:46]} {[%emt 00:01:00]} 9. O-O {[%clk 01:30:49]} {[%emt 00:00:34]}
Nb6 {[%clk 01:22:15]} {[%emt 00:08:02]} 10. Bb3 {[%clk 01:30:31]} {[%emt
00:00:48]} Nd5 {[%clk 01:18:56]} {[%emt 00:03:49]} 11. Nxd5 {[%clk 01:17:23]}
{[%emt 00:13:38]} cxd5 {[%clk 01:18:41]} {[%emt 00:00:46]} 12. c4 {[%clk
01:16:34]} {[%emt 00:01:18]} dxc4 {[%clk 01:13:11]} {[%emt 00:06:00]} 13. Bxc4
{[%clk 01:16:43]} {[%emt 00:00:21]} Qc7 {[%clk 01:05:45]} {[%emt 00:07:55]} 14.
b3 {[%clk 01:11:14]} {[%emt 00:06:00]} Kh8 {[%clk 01:00:01]} {[%emt 00:06:13]}
15. Ng5 {[%clk 00:55:16]} {[%emt 00:16:29]} f6 {[%clk 00:59:26]} {[%emt
00:01:04]} 16. Nf7+ {[%clk 00:40:23]} {[%emt 00:15:23]} Kg8 {[%clk 00:58:09]}
{[%emt 00:01:47]} 17. Nh6+ {[%clk 00:33:24]} {[%emt 00:07:27]} Kh8 {[%clk
00:58:26]} {[%emt 00:00:16]} 18. Nf7+ {[%clk 00:32:51]} {[%emt 00:01:02]} Kg8
{[%clk 00:58:47]} {[%emt 00:00:09]} 19. Nh6+ {[%clk 00:33:14]} {[%emt
00:00:08]} Kh8 {[%clk 00:59:15]} {[%emt 00:00:02]} 20. Nf7+ {[%clk 00:33:14]}
{[%emt 00:00:29]} Kg8 {[%clk 00:59:36]} {[%emt 00:00:09]} 1/2-1/2

[Event "DVM U12w 2024"]
[Site "Bad Homburg GER"]
[Date "2024.12.29"]
[Round "5"]
[White "Werner, Amelie"]
[Black "Khachaturyan, Viktoria"]
[Result "0-1"]
[Termination "normal"]
[Board "4.2"]
[WhiteElo "1525"]
[BlackElo "966"]
[WhiteClock "01:20:43"]
[BlackClock "01:28:31"]
[WhiteTeam "SC Garching 1980"]
[BlackTeam "Karlsruher SF 1853"]
[PlyCount "26"]
[WhiteFideId "34639900"]
[BlackFideId "16258150"]
[EventCountry "GER"]
[EventRounds "7"]
[EventType "team-swiss"]
[EventDate "2024.12.26"]

1. e4 {[%clk 01:30:58]} {[%emt 00:00:01]} e5 {[%clk 01:30:52]} {[%emt
00:00:09]} 2. Nf3 {[%clk 01:31:24]} {[%emt 00:00:04]} Nc6 {[%clk 01:31:16]}
{[%emt 00:00:05]} 3. c3 {[%clk 01:31:51]} {[%emt 00:00:04]} d5 {[%clk
01:31:03]} {[%emt 00:00:43]} 4. Qa4 {[%clk 01:32:09]} {[%emt 00:00:12]} Nf6
{[%clk 01:30:57]} {[%emt 00:00:36]} 5. Nxe5 {[%clk 01:32:18]} {[%emt 00:00:21]}
Bd7 {[%clk 01:30:25]} {[%emt 00:01:02]} 6. Nxd7 {[%clk 01:31:21]} {[%emt
00:01:28]} Qxd7 {[%clk 01:30:25]} {[%emt 00:00:29]} 7. exd5 {[%clk 01:27:11]}
{[%emt 00:04:40]} Qe7+ {[%clk 01:30:05]} {[%emt 00:00:48]} 8. Be2 {[%clk
01:27:27]} {[%emt 00:00:17]} Nxd5 {[%clk 01:30:14]} {[%emt 00:00:20]} 9. d4
{[%clk 01:27:37]} {[%emt 00:00:21]} O-O-O {[%clk 01:29:25]} {[%emt 00:01:18]}
10. Nd2 {[%clk 01:25:53]} {[%emt 00:02:15]} Nf4 {[%clk 01:29:33]} {[%emt
00:00:22]} 11. Qc4 {[%clk 01:24:10]} {[%emt 00:02:14]} Na5 {[%clk 01:28:02]}
{[%emt 00:02:00]} 12. Qb5 {[%clk 01:21:33]} {[%emt 00:03:08]} Rd5 {[%clk
01:28:14]} {[%emt 00:00:17]} 13. Qxd5 {[%clk 01:20:43]} {[%emt 00:01:20]} Qxe2#
{[%clk 01:28:31]} {[%emt 00:00:13]} 0-1

[Event "DVM U12w 2024"]
[Site "Bad Homburg GER"]
[Date "2024.12.29"]
[Round "5"]
[White "Bykov, Sophia"]
[Black "Anaparthi, Anika"]
[Result "0-1"]
[Termination "normal"]
[Board "4.3"]
[WhiteElo "1033"]
[BlackElo "1052"]
[WhiteClock "01:23:03"]
[BlackClock "00:55:16"]
[WhiteTeam "Karlsruher SF 1853"]
[BlackTeam "SC Garching 1980"]
[PlyCount "38"]
[WhiteFideId "34630104"]
[BlackFideId "34639608"]
[EventCountry "GER"]
[EventRounds "7"]
[EventType "team-swiss"]
[EventDate "2024.12.26"]

1. e4 {[%clk 01:30:58]} {[%emt 00:00:01]} e5 {[%clk 01:30:59]} {[%emt
00:00:02]} 2. Nf3 {[%clk 01:31:22]} {[%emt 00:00:06]} Nc6 {[%clk 01:31:21]}
{[%emt 00:00:08]} 3. Bc4 {[%clk 01:31:46]} {[%emt 00:00:06]} Nf6 {[%clk
01:31:44]} {[%emt 00:00:07]} 4. d3 {[%clk 01:31:59]} {[%emt 00:00:17]} Bc5
{[%clk 01:31:50]} {[%emt 00:00:24]} 5. Nc3 {[%clk 01:31:54]} {[%emt 00:00:34]}
d6 {[%clk 01:31:34]} {[%emt 00:00:46]} 6. Ng5 {[%clk 01:32:12]} {[%emt
00:00:12]} O-O {[%clk 01:31:40]} {[%emt 00:00:24]} 7. O-O {[%clk 01:31:00]}
{[%emt 00:01:42]} h6 {[%clk 01:32:03]} {[%emt 00:00:06]} 8. Bxf7+ {[%clk
01:31:08]} {[%emt 00:00:22]} Rxf7 {[%clk 01:12:40]} {[%emt 00:19:54]} 9. Nxf7
{[%clk 01:31:31]} {[%emt 00:00:07]} Kxf7 {[%clk 01:13:03]} {[%emt 00:01:26]}
10. Qf3 {[%clk 01:31:13]} {[%emt 00:00:19]} Bg4 {[%clk 01:12:44]} {[%emt
00:00:50]} 11. Qg3 {[%clk 01:30:57]} {[%emt 00:00:44]} Qd7 {[%clk 01:03:16]}
{[%emt 00:09:53]} 12. Nd5 {[%clk 01:30:40]} {[%emt 00:00:53]} Nh5 {[%clk
00:59:57]} {[%emt 00:03:36]} 13. Qh4 {[%clk 01:30:43]} {[%emt 00:00:35]} g5
{[%clk 01:00:15]} {[%emt 00:00:14]} 14. Bxg5 {[%clk 01:29:52]} {[%emt
00:01:24]} hxg5 {[%clk 00:59:26]} {[%emt 00:01:20]} 15. Qxg5 {[%clk 01:30:13]}
{[%emt 00:00:06]} Rg8 {[%clk 00:56:52]} {[%emt 00:02:59]} 16. Qh6 {[%clk
01:29:22]} {[%emt 00:01:24]} Bf3 {[%clk 00:55:11]} {[%emt 00:02:09]} 17. Ne3
{[%emt 00:01:05]} Qh3 {[%emt 00:04:19]} 18. g3 {[%clk 01:23:03]} {[%emt
00:01:31]} Bxe3 {[%clk 00:55:16]} {[%emt 00:00:25]} 19. fxe3 {[%emt 00:00:28]}
Qg2# {[%clk 00:55:16]} {[%emt 00:00:05]} 0-1